LEADER 00918nam0-22003011i-450 001 990007471330403321 005 20200420095618.0 035 $a000747133 035 $aFED01000747133 035 $a(Aleph)000747133FED01 035 $a000747133 100 $a20030814d1973----km-y0itay50------ba 101 0 $aita 102 $aIT 105 $aa 001yy 200 1 $aGuida al Po$eitinerari lungo il fiume e sul fiume alla ricerca della natura, della storia, delle tradizioni popolari e deiluoghi sconosciuti$fdi Luciano Zeppegno e Carlo Cova 210 $aMilano$cMondadori$d1973 215 $a338 p.$cin gran parte ill.$d24 cm 610 0 $aPo 700 1$aZeppegno,$bLuciano$011025 702 1$aCova,$bCarlo 801 0$aIT$bUNINA$gRICA$2UNIMARC 901 $aBK 912 $a990007471330403321 952 $aA-IT 0003$bI.G.9795$fILFGE 959 $aILFGE 996 $aGuida al Po$9674444 997 $aUNINA LEADER 01442cam--2200349---450 001 990001846300203316 005 20210122093645.0 035 $a000184630 035 $aUSA01000184630 035 $a(ALEPH)000184630USA01 035 $a000184630 100 $a20040713g19371939km-y0itay5003----ba 101 0 $aita 102 $aIT 105 $ay|||||||001yy 200 1 $a<>Europa durante la guerra di successione di Spagna$econ particolare riguardo alla cittą e regno di Napoli$enote di cronaca lavorate sugli inediti dispacci degli ambasciatori residenti e consoli veneti$fFausto Nicolini 210 $aNapoli$cpresso la R. Deputazione$d1937-1939 215 $a3 volumi (550; 580; 558 p.)$d25 cm 300 $aIn testa al frontespizio: R. Deputazione napoletana di storia patria 606 0 $aRelazioni internazionali$yEuropa$zSec. 18.$xFonti documentarie [:] Resoconti [degli] Ambasciatori veneti$2BNCF 676 $a327.4 700 1$aNICOLINI,$bFausto$f<1879-1965>$037039 712 02$aR. Deputazione napoletana di storia patria 801 0$aIT$bsalbc$gISBD 912 $a990001846300203316 951 $aX.2.B. 1594/1(III D 215/1)$b19424 L.M.$cX.2.$d00303315 951 $aX.2.B. 1594/2(III D 215/2)$b19425 L.M.$cX.2.$d00303334 951 $aX.2.B. 1594/3(III D 215/3)$b19426 L.M.$cX.2.$d00303336 959 $aBK 969 $aUMA 996 $aEuropa durante la guerra di successione di Spagna$9650615 997 $aUNISA